Mario Kart Maps - Statistics

General Stats
  • This quiz has been taken 13 times
  • The average score is 11 of 32
Answer Stats
Team % Correct
Mario Circuit
67%
Moo Moo Meadows
67%
Rainbow Road
67%
Coconut Mall
56%
Bowser's Castle
44%
Grumble Volcano
44%
Luigi Circuit
44%
Daisy Circuit
33%
Delfino Square
33%
DK Mountain
33%
DK Summit
33%
Dry Dry Ruins
33%
Koopa Cape
33%
Maple Treeway
33%
Moonview Highway
33%
Mushroom Gorge
33%
Peach Beach
33%
Peach Gardens
33%
Shy Guy Beach
33%
Toad's Factory
33%
Wario's Gold Mine
33%
DS Desert Hills
22%
DS Yoshi Falls
22%
GCN Mario Circuit
22%
N64 Bowser's Castle
22%
N64 Mario Raceway
22%
SNES Ghost Valley
22%
SNES Mario Circuit 3
22%
Waluigi Stadium
22%
DK's Jungle Parkway
11%
GBA Bowser Castle 3
11%
Sherbert Land
0%
No matching quizzes found
Score Distribution
Percent of People with Each Score
Percentile by Number Answered
Your Score History
You have not taken this quiz